000 00508nam a2200181 a 4500
001 13115
003 CO-ViMGA
008 141112s2004 ck r 000 u spa d
040 _aCO-ViMGA
_bspa
_cCO-ViMGA
082 0 4 _a327.86 T871
100 1 _aTurbay, Ayala Julio Cesar
_919215
245 1 0 _aPolĂ­tica Internacional de Colombia
260 _aBogotá :
_bNacional,
_c1961
300 _a346p.
650 1 4 _aCOLOMBIA - RELACIONES EXTERIORES
_914119
650 1 4 _aDERECHO INTERNACIONAL
_955101
942 _2ddc
_cBK
999 _c23939
_d23939